| 000 | 00848cam a2200241 a 4500 | ||
|---|---|---|---|
| 005 | 20131011045050.0 | ||
| 008 | 850220s1984 enka b 000 0 eng d | ||
| 020 | _a0903608650 (Bedford) | ||
| 020 | _a3540134794 (Berlin) | ||
| 020 | _a0387134794 (U.S.) | ||
| 035 | _a(OCoLC)12132863 | ||
| 041 | _aeng | ||
| 100 | _aWilfred B. Heginbotham. | ||
| 245 | 0 | 0 |
_aProgrammable assembly / _cedited by Wilfred B. Heginbotham. |
| 260 |
_aBedford, England : _bIFS (Publications) ; _aBerlin ; _aNew York : _bSpringer-Verlag, _cc1984. |
||
| 300 |
_a349 f. : _bme il.; _c24 cm. |
||
| 490 | 1 | _aInternational trends in manufacturing technology | |
| 504 | _aReferenca biografike 342 f.: | ||
| 650 | 0 |
_aMakinat e montuara _xKontrolli automatik |
|
| 700 | 1 | _aHeginbotham, Wilfred B. | |
| 830 | 0 | _aInternational trends in manufacturing technology. | |
| 942 |
_2udc _cBK |
||
| 999 |
_c63 _d63 |
||